مكتبة جامعة عجلون الوطنية

فهرس بحث المكتبة

Normal view MARC view
  • محافطة الزرقاء- الاردن -تاريخ- دراسات

Entry Topical Term

Number of records used in: 1

001 - CONTROL NUMBER

  • control field: 48519

003 - CONTROL NUMBER IDENTIFIER

  • control field: JO-AjAnu

005 - DATE AND TIME OF LATEST TRANSACTION

  • control field: 20230606082012.0

008 - FIXED-LENGTH DATA ELEMENTS

  • fixed length control field: 230606|| aca||aabn | a|a d

040 ## - CATALOGING SOURCE

  • Original cataloging agency: JO-AjAnu
  • Transcribing agency: JO-AjAnu

150 ## - HEADING--TOPICAL TERM

  • Topical term or geographic name entry element: محافطة الزرقاء- الاردن -تاريخ- دراسات

670 ## - SOURCE DATA FOUND

  • Source citation: Work cat.: (JO-AjAnu)24821: جامعة الزرقاء؛ اشراف غنيم، عبد الحميد عبد القادر، البطوش، بسام ...وآخرون, author 48518, موسوعة محافظة الزرقاء: دراسة مسحية شاملة